[Event "rubinsteinGM"]
[Site "?"]
[Date "2015.08.25"]
[Round "4.3"]
[White "Gajek, Radoslaw"]
[Black "Kovalev, Andrei"]
[Result "0-1"]
[BlackElo "2509"]
[WhiteElo "2384"]
[LiveChessVersion "1.4.4"]

1. d4 {[%clk 1:30:58]} d6 {[%clk 1:29:52]} 2. e4 {[%clk 1:31:22]} Nf6
{[%clk 1:30:12]} 3. Nc3 {[%clk 1:31:47]} g6 {[%clk 1:30:15]} 4. Nf3
{[%clk 1:32:03]} Bg7 {[%clk 1:30:16]} 5. h3 {[%clk 1:32:25]} O-O {[%clk 1:29:54]}
6. Be3 {[%clk 1:32:04]} c6 {[%clk 1:28:48]} 7. a4 {[%clk 1:32:31]} Nbd7
{[%clk 1:27:57]} 8. Be2 {[%clk 1:32:35]} e5 {[%clk 1:25:25]} 9. dxe5
{[%clk 1:32:51]} dxe5 {[%clk 1:25:21]} 10. Nd2 {[%clk 1:28:59]} Qe7
{[%clk 1:20:57]} 11. Nc4 {[%clk 1:29:21]} Ne8 {[%clk 1:08:07]} 12. O-O
{[%clk 1:21:14]} Nc5 {[%clk 1:07:50]} 13. Nd6 {[%clk 1:18:12]} Nxd6
{[%clk 1:06:28]} 14. Bxc5 {[%clk 1:18:39]} Rd8 {[%clk 1:06:52]} 15. Qd3
{[%clk 1:18:36]} b6 {[%clk 1:05:48]} 16. Ba3 {[%clk 1:18:45]} Bb7
{[%clk 1:01:45]} 17. Rad1 {[%clk 1:17:35]} c5 {[%clk 1:00:36]} 18. Qe3
{[%clk 1:16:53]} Qh4 {[%clk 0:58:33]} 19. f3 {[%clk 1:15:40]} Bh6
{[%clk 0:50:31]} 20. Qf2 {[%clk 1:15:55]} Qxf2+ {[%clk 0:49:38]} 21. Kxf2
{[%clk 1:16:21]} f5 {[%clk 0:49:56]} 22. exf5 {[%clk 0:56:06]} Nxf5
{[%clk 0:44:22]} 23. Rxd8+ {[%clk 0:40:52]} Rxd8 {[%clk 0:44:37]} 24. Bd3
{[%clk 0:33:32]} Be3+ {[%clk 0:43:18]} 25. Ke2 {[%clk 0:33:44]} Bd4
{[%clk 0:42:50]} 26. Bxf5 {[%clk 0:28:14]} gxf5 {[%clk 0:42:55]} 27. Nb5
{[%clk 0:28:31]} e4 {[%clk 0:35:21]} 28. fxe4 {[%clk 0:27:22]} Bxe4
{[%clk 0:34:35]} 29. Nxd4 {[%clk 0:26:35]} Rxd4 {[%clk 0:32:42]} 30. a5
{[%clk 0:15:43]} Bxc2 {[%clk 0:30:07]} 31. axb6 {[%clk 0:12:58]} axb6
{[%clk 0:20:41]} 32. Ke3 {[%clk 0:12:15]} Kf7 {[%clk 0:18:48]} 33. Rf4
{[%clk 0:09:53]} Be4 {[%clk 0:14:22]} 34. Rh4 {[%clk 0:05:41]} Kg6
{[%clk 0:13:22]} 35. g4 {[%clk 0:05:52]} Rd5 {[%clk 0:08:54]} 36. Kf4
{[%clk 0:03:10]} Rd3 {[%clk 0:04:59]} 37. g5 {[%clk 0:01:29]} h5 {[%clk 0:04:25]}
38. gxh6 {[%clk 0:01:37]} Kf6 {[%clk 0:04:37]} 39. Ke5+ Kxe5 0-1

[Event "rubinsteinGM"]
[Site "?"]
[Date "2015.08.29"]
[Round "8.1"]
[White "Krzyzanowski, Marcin"]
[Black "Gajek, Radoslaw"]
[Result "1/2-1/2"]
[BlackElo "2384"]
[WhiteElo "2420"]
[LiveChessVersion "1.4.4"]

1. d4 {[%clk 1:30:57]} Nf6 {[%clk 1:30:53]} 2. c4 {[%clk 1:31:20]} e6
{[%clk 1:31:20]} 3. Nc3 {[%clk 1:31:42]} Bb4 {[%clk 1:31:44]} 4. e3
{[%clk 1:32:04]} O-O {[%clk 1:32:03]} 5. Bd3 {[%clk 1:31:51]} c5 {[%clk 1:31:44]}
6. Nf3 {[%clk 1:31:50]} d5 {[%clk 1:30:21]} 7. O-O {[%clk 1:30:41]} Nc6
{[%clk 1:30:45]} 8. cxd5 {[%clk 1:27:33]} exd5 {[%clk 1:29:19]} 9. dxc5
{[%clk 1:26:54]} Bxc5 {[%clk 1:27:17]} 10. h3 {[%clk 1:26:23]} Re8
{[%clk 1:20:37]} 11. a3 {[%clk 1:19:33]} Ne4 {[%clk 1:09:24]} 12. Qc2
{[%clk 1:06:22]} Bf5 {[%clk 0:58:32]} 13. Rd1 {[%clk 0:57:46]} Bb6
{[%clk 0:56:39]} 14. Bxe4 {[%clk 0:56:36]} Bxe4 {[%clk 0:57:03]} 15. Nxe4
{[%clk 0:56:59]} Rxe4 {[%clk 0:57:28]} 16. Qd3 {[%clk 0:55:00]} Ne5
{[%clk 0:34:21]} 17. Qxd5 {[%clk 0:46:06]} Nxf3+ {[%clk 0:34:43]} 18. gxf3
{[%clk 0:46:32]} Rc4 {[%clk 0:31:37]} 19. Qxd8+ {[%clk 0:44:51]} Bxd8
{[%clk 0:31:37]} 20. Bd2 {[%clk 0:34:25]} Bf6 {[%clk 0:31:25]} 21. Rab1
{[%clk 0:32:10]} Rc2 {[%clk 0:27:50]} 22. Bc3 {[%clk 0:24:12]} Bxc3
{[%clk 0:27:17]} 23. bxc3 {[%clk 0:24:39]} Rxc3 {[%clk 0:25:26]} 24. Rxb7
{[%clk 0:24:55]} Rxa3 {[%clk 0:25:49]} 25. Rdd7 {[%clk 0:25:15]} Rf8
{[%clk 0:26:17]} 26. Rxa7 {[%clk 0:25:39]} Rxa7 {[%clk 0:26:43]} 27. Rxa7
{[%clk 0:26:06]} g6 {[%clk 0:26:47]} 28. Kg2 {[%clk 0:26:22]} Re8
{[%clk 0:26:16]} 29. f4 {[%clk 0:26:21]} Kg7 {[%clk 0:25:27]} 30. Kf3
{[%clk 0:25:39]} Rb8 {[%clk 0:25:22]} 31. Ra3 {[%clk 0:21:26]} Rb1
{[%clk 0:15:16]} 32. e4 {[%clk 0:20:25]} Rh1 {[%clk 0:13:52]} 33. Ke2
{[%clk 0:19:52]} Kf8 {[%clk 0:12:39]} 34. e5 {[%clk 0:17:35]} Ke7
{[%clk 0:12:43]} 35. Ra7+ {[%clk 0:15:25]} Kf8 {[%clk 0:10:53]} 36. e6
{[%clk 0:11:22]} fxe6 {[%clk 0:11:14]} 37. Rxh7 {[%clk 0:11:48]} Kg8
{[%clk 0:11:35]} 38. Re7 {[%clk 0:11:29]} Rxh3 {[%clk 0:11:59]} 39. Rxe6
{[%clk 0:11:56]} Kf7 {[%clk 0:12:24]} 40. Re3 {[%clk 0:42:20]} Rh5
{[%clk 0:42:33]} 41. Kf3 {[%clk 0:42:39]} Kf6 {[%clk 0:42:10]} 42. Kg4
{[%clk 0:42:54]} Rh1 {[%clk 0:42:13]} 43. Ra3 {[%clk 0:42:52]} Rg1+
{[%clk 0:42:34]} 44. Kf3 {[%clk 0:43:15]} Rb1 {[%clk 0:42:53]} 45. Ra6+
{[%clk 0:43:41]} Kf5 {[%clk 0:43:14]} 46. Ra5+ {[%clk 0:44:07]} Kf6
{[%clk 0:43:40]} 47. Rd5 {[%clk 0:44:10]} Ra1 {[%clk 0:43:58]} 48. Ke4
{[%clk 0:44:07]} Re1+ {[%clk 0:44:19]} 49. Kf3 {[%clk 0:44:35]} Ra1
{[%clk 0:44:42]} 50. Ke4 Ke5+ 1/2-1/2

[Event "rubinsteinGM"]
[Site "?"]
[Date "2015.08.29"]
[Round "8.2"]
[White "Cyborowski, Lukasz"]
[Black "Warakomski, Tomasz"]
[Result "1/2-1/2"]
[BlackElo "2466"]
[WhiteElo "2530"]
[LiveChessVersion "1.4.4"]

1. e4 {[%clk 1:30:12]} c5 {[%clk 1:27:09]} 2. Nf3 {[%clk 1:30:20]} e6
{[%clk 1:27:06]} 3. d3 {[%clk 1:27:08]} Nc6 {[%clk 1:26:09]} 4. g3
{[%clk 1:27:31]} g6 {[%clk 1:24:36]} 5. d4 {[%clk 1:25:03]} cxd4 {[%clk 1:19:29]}
6. Nxd4 {[%clk 1:25:16]} d5 {[%clk 1:19:26]} 7. Bb5 {[%clk 1:23:20]} dxe4
{[%clk 1:10:30]} 8. Nxc6 {[%clk 1:21:48]} Qxd1+ {[%clk 1:10:56]} 9. Kxd1
{[%clk 1:22:12]} a6 {[%clk 1:11:11]} 10. Ba4 {[%clk 0:49:58]} Bd7
{[%clk 1:11:32]} 11. Nc3 {[%clk 0:50:01]} Bxc6 {[%clk 1:07:05]} 12. Bxc6+
{[%clk 0:50:17]} bxc6 {[%clk 1:07:31]} 13. Nxe4 {[%clk 0:50:43]} Be7
{[%clk 1:05:46]} 14. Ke2 {[%clk 0:45:16]} Nf6 {[%clk 1:03:17]} 15. Nxf6+
{[%clk 0:45:05]} Bxf6 {[%clk 1:03:43]} 16. Rd1 {[%clk 0:45:19]} Ke7
{[%clk 1:03:07]} 17. Rb1 {[%clk 0:45:25]} Rhd8 {[%clk 1:01:45]} 18. Rxd8
{[%clk 0:45:17]} Rxd8 {[%clk 1:01:58]} 19. Be3 {[%clk 0:45:35]} Bd4
{[%clk 0:53:41]} 20. b4 {[%clk 0:40:44]} Bxe3 {[%clk 0:53:39]} 21. Kxe3
{[%clk 0:41:05]} Rd5 {[%clk 0:47:32]} 22. Rb3 {[%clk 0:34:50]} c5
{[%clk 0:47:18]} 23. a3 {[%clk 0:33:09]} Re5+ {[%clk 0:42:03]} 24. Kd3
{[%clk 0:27:53]} Kd6 {[%clk 0:40:51]} 25. c4 {[%clk 0:24:05]} Kc7
{[%clk 0:32:52]} 26. h4 {[%clk 0:21:20]} Rf5 {[%clk 0:28:22]} 27. Ke3
{[%clk 0:18:17]} Re5+ {[%clk 0:28:37]} 28. Kd3 {[%clk 0:17:10]} Rf5
{[%clk 0:29:00]} 29. Ke3 {[%clk 0:14:48]} Re5+ {[%clk 0:29:24]} 30. Kd3
{[%clk 0:15:12]} Rf5 {[%clk 0:29:47]} 31. Ke4 1/2-1/2